[Event "Bremen-ch"]
[Site "Bremen"]
[Date "2019.04.19"]
[Round "8.16"]
[White "Quass, Michael"]
[Black "Kastens, Elmar"]
[Result "0-1"]
[WhiteElo "1714"]
[BlackElo "1858"]
[PlyCount "68"]
[EventDate "2019.04.13"]
[EventType "swiss"]
[EventRounds "9"]
[EventCountry "GER"]
[SourceTitle "EXT 2020"]
[Source "ChessBase"]
[SourceDate "2019.10.17"]
[SourceVersion "1"]
[SourceVersionDate "2019.10.17"]
[SourceQuality "1"]

1. c4 Nf6 2. Nc3 e5 3. e3 Nc6 4. Nge2 d5 5. cxd5 Nxd5 6. d4 exd4 7. Nxd5 Qxd5 8. Nxd4 Nxd4 9. Qxd4 Qxd4 10. exd4 Be6 11. Bd2 Be7 12. Bc3 Bf6 13. b3 0-0-0 14. 0-0-0 c5 15. d5 Bxd5 16. Bxf6 gxf6 17. f3 Rhg8 18. Rd2 Be6 19. Bd3 Kc7 20. Rhd1 h5 21. g3 f5 22. f4 h4 23. Rg1 Rd4 24. Kc2 Rxf4 25. Rdg2 Rfg4 26. Rf1 R4g5 27. Rgf2 hxg3 28. hxg3 Rxg3 29. Bxf5 Rg2 30. Bxe6 fxe6 31. Kc3 R8g3+ 32. Kc4 Rxf2 33. Rxf2 Kc6 34. Rf4 b5# 0-1

[Event "Bremen-ch"]
[Site "Bremen"]
[Date "2019.04.17"]
[Round "6.17"]
[White "Quass, Michael"]
[Black "Meyer, Thorsten1111"]
[Result "0-1"]
[WhiteElo "1714"]
[BlackElo "1938"]
[PlyCount "58"]
[EventDate "2019.04.13"]
[EventType "swiss"]
[EventRounds "9"]
[EventCountry "GER"]
[SourceTitle "EXT 2020"]
[Source "ChessBase"]
[SourceDate "2019.10.17"]
[SourceVersion "1"]
[SourceVersionDate "2019.10.17"]
[SourceQuality "1"]

1. Nf3 d6 2. g3 e5 3. d3 g6 4. b3 Bg7 5. Bb2 Ne7 6. Bg2 Nbc6 7. Nbd2 0-0 8. 0-0 e4 9. Bxg7 exf3 10. Bxf8 fxg2 11. Kxg2 Qxf8 12. e4 Qh6 13. h4 Bd7 14. Nc4 Qg7 15. Qd2 d5 16. exd5 Nxd5 17. Rae1 Be6 18. Ne3 Rd8 19. a3 Qd4 20. Nc4 Nb6 21. Qg5 Qd7 22. Rh1 h5 23. Ne5 Nxe5 24. Rxe5 Re8 25. Rhe1 Qc6+ 26. Kg1 Nd7 27. R5e2 Nf8 28. Kh2 Qf3 29. Re3 Qxf2+ 0-1

[Event "Dortmund Sparkassen op-B"]
[Site "Dortmund"]
[Date "2015.07.03"]
[Round "7"]
[White "Spickermann, Sven"]
[Black "Quass, Michael"]
[Result "1-0"]
[WhiteElo "1865"]
[BlackElo "1676"]
[PlyCount "79"]
[EventDate "2015.06.27"]
[EventType "swiss"]
[EventRounds "9"]
[EventCountry "GER"]
[SourceTitle "CBM 167 Extra"]
[Source "ChessBase"]
[SourceDate "2015.09.14"]
[SourceVersion "1"]
[SourceVersionDate "2015.09.14"]
[SourceQuality "1"]

1. e4 c6 2. d4 d5 3. Nc3 dxe4 4. Nxe4 Nd7 5. Bc4 Ngf6 6. Ng5 e6 7. Qe2 Nb6 8. Bb3 h6 9. N5f3 Bd6 10. c4 c5 11. Qd3 cxd4 12. Qxd4 Bb4+ 13. Bd2 Bxd2+ 14. Qxd2 Qxd2+ 15. Nxd2 0-0 16. Ngf3 Re8 17. Ne5 Nfd7 18. Ndf3 f6 19. Nd3 Nf8 20. 0-0-0 Bd7 21. Nc5 Bc6 22. Nd4 Nbd7 23. Ncxe6 Rxe6 24. Nxe6 Nxe6 25. f3 Nec5 26. Bc2 Ne5 27. b4 Ne6 28. Rhe1 Kf7 29. Bf5 Re8 30. b5 g6 31. Bh3 Nf4 32. Kc2 Nxh3 33. bxc6 Nf4 34. g3 Ne6 35. cxb7 Rb8 36. f4 Nc6 37. Rd7+ Ne7 38. c5 Ke8 39. Rxe7+ Kxe7 40. c6 1-0

[Event "Dortmund Sparkassen op-B"]
[Site "Dortmund"]
[Date "2015.06.28"]
[Round "2"]
[White "Quass, Michael"]
[Black "Lust, Nikolaus"]
[Result "1-0"]
[WhiteElo "1676"]
[BlackElo "1536"]
[PlyCount "75"]
[EventDate "2015.06.27"]
[EventType "swiss"]
[EventRounds "9"]
[EventCountry "GER"]
[SourceTitle "CBM 167 Extra"]
[Source "ChessBase"]
[SourceDate "2015.09.14"]
[SourceVersion "1"]
[SourceVersionDate "2015.09.14"]
[SourceQuality "1"]

1. c4 Nf6 2. Nc3 c6 3. e4 e5 4. d3 d5 5. cxd5 cxd5 6. exd5 Nxd5 7. Qe2 Nc6 8. f4 Nxc3 9. bxc3 Qa5 10. Bd2 Be7 11. fxe5 Nxe5 12. Nf3 Bg4 13. Qxe5 Qxe5+ 14. Nxe5 Be6 15. Be2 f6 16. Nf3 g5 17. Nd4 Bd7 18. Bf3 Rb8 19. Rb1 0-0 20. Rxb7 Rxb7 21. Bxb7 Rb8 22. Bd5+ Kg7 23. Bb3 a5 24. Ke2 Bg4+ 25. Nf3 Bd7 26. Rb1 g4 27. Nd4 Kg6 28. Bc2 Re8 29. Kf1 Bd6 30. g3 h5 31. Ne2 h4 32. Bf4 Bxf4 33. Nxf4+ Kg5 34. Ng2 h3 35. Nf4 Re3 36. Re1 Rf3+ 37. Kg1 a4 38. Bd1 1-0

[Event "Bremen-ch op"]
[Site "Bremen"]
[Date "2015.04.03"]
[Round "8"]
[White "Rose, Helmut"]
[Black "Quass, Michael"]
[Result "0-1"]
[WhiteElo "1400"]
[BlackElo "1779"]
[PlyCount "74"]
[EventDate "2015.03.28"]
[EventType "swiss"]
[EventRounds "9"]
[EventCountry "GER"]
[SourceTitle "EXT 2018"]
[Source "ChessBase"]
[SourceDate "2017.10.13"]
[SourceVersion "1"]
[SourceVersionDate "2017.10.13"]
[SourceQuality "1"]

1. e4 c5 2. f4 d6 3. Nf3 Nc6 4. Bc4 e6 5. 0-0 g6 6. d3 Bg7 7. c3 Nge7 8. Nbd2 0-0 9. Nb3 d5 10. exd5 exd5 11. Bb5 b6 12. Nbd2 Bb7 13. Qc2 Nf5 14. Re1 a6 15. Ba4 b5 16. Bb3 c4 17. dxc4 dxc4 18. Nxc4 bxc4 19. Bxc4 Qb6+ 20. Kh1 Rfe8 21. Rf1 Nce7 22. Bd3 Ne3 23. Bxe3 Qxe3 24. Ng5 Rad8 25. Rad1 h6 26. Rfe1 Qxf4 27. Nh3 Qh4 28. Re3 Nd5 29. Rxe8+ Rxe8 30. Bxg6 fxg6 31. Qb3 Re1+ 32. Rxe1 Qxe1+ 33. Ng1 Qe7 34. c4 Nf4 35. c5+ Kh7 36. Nf3 Bxf3 37. gxf3 Qe1# 0-1

[Event "Bremen-ch op"]
[Site "Bremen"]
[Date "2015.03.31"]
[Round "5"]
[White "Quass, Michael"]
[Black "Buchloh, Falk"]
[Result "0-1"]
[WhiteElo "1779"]
[BlackElo "1497"]
[PlyCount "68"]
[EventDate "2015.03.28"]
[EventType "swiss"]
[EventRounds "9"]
[EventCountry "GER"]
[SourceTitle "EXT 2018"]
[Source "ChessBase"]
[SourceDate "2017.10.13"]
[SourceVersion "1"]
[SourceVersionDate "2017.10.13"]
[SourceQuality "1"]

1. c4 e5 2. Nc3 d6 3. g3 c5 4. Bg2 Nc6 5. e3 Be6 6. Nge2 Bxc4 7. Qa4 d5 8. e4 a6 9. exd5 b5 10. Qc2 Nb4 11. Qe4 Bd6 12. 0-0 Nf6 13. Qh4 Ra7 14. a4 Nbxd5 15. axb5 Nxc3 16. Bc6+ Kf8 17. Qxc4 axb5 18. Qxc3 Rxa1 19. Bxb5 Qa5 20. Qd3 Qb6 21. Nc3 Ra7 22. Bc4 h5 23. b3 h4 24. Bb2 hxg3 25. hxg3 Qb8 26. Nd5 e4 27. Qc3 Qc8 28. Nxf6 Qh3 29. Nh5 Rxh5 30. Qxg7+ Ke8 31. Qg8+ Bf8 32. Bb5+ Rd7 33. Bxd7+ Kxd7 34. Qxf7+ Be7 0-1

[Event "Bremen-ch op"]
[Site "Bremen"]
[Date "2015.03.29"]
[Round "2"]
[White "Volk, Robin"]
[Black "Quass, Michael"]
[Result "0-1"]
[WhiteElo "1285"]
[BlackElo "1779"]
[PlyCount "64"]
[EventDate "2015.03.28"]
[EventType "swiss"]
[EventRounds "9"]
[EventCountry "GER"]
[SourceTitle "EXT 2018"]
[Source "ChessBase"]
[SourceDate "2017.10.13"]
[SourceVersion "1"]
[SourceVersionDate "2017.10.13"]
[SourceQuality "1"]

1. d4 Nf6 2. Nc3 d5 3. Bg5 Bf5 4. Bxf6 gxf6 5. e3 c6 6. Bd3 Bg6 7. Qe2 Nd7 8. e4 dxe4 9. Bxe4 e6 10. 0-0-0 Qa5 11. Bxg6 hxg6 12. Qe3 0-0-0 13. Nge2 c5 14. d5 e5 15. Kb1 f5 16. f4 e4 17. h3 Bg7 18. Rhg1 Bf6 19. g4 Nb6 20. gxf5 gxf5 21. Ng3 Nc4 22. Qe1 Nxb2 23. Ncxe4 Qb6 24. Kc1 Nc4 25. Rd3 Qb2+ 26. Kd1 fxe4 27. Qxe4 Qb1+ 28. Ke2 Qxg1 29. Qxc4 Rxh3 30. Ne4 Rh2+ 31. Kf3 Qg2+ 32. Ke3 Qe2# 0-1

[Event "Hamburg St Pauli op-B"]
[Site "Hamburg"]
[Date "2014.07.22"]
[Round "4"]
[White "Gutte, Johann Niklas"]
[Black "Quass, Michael"]
[Result "1-0"]
[WhiteElo "1212"]
[BlackElo "1765"]
[PlyCount "67"]
[EventDate "2014.07.19"]
[EventType "swiss"]
[EventRounds "9"]
[EventCountry "GER"]
[SourceTitle "CBM 161 Extra"]
[Source "ChessBase"]
[SourceDate "2014.08.29"]
[SourceVersion "1"]
[SourceVersionDate "2014.08.29"]
[SourceQuality "1"]

1. e4 d6 2. d4 Nf6 3. Nc3 g6 4. Nf3 Bg7 5. h3 c6 6. Be2 0-0 7. 0-0 b5 8. a3 Nbd7 9. Re1 a6 10. Bf4 Qc7 11. Bf1 e5 12. Bh2 Re8 13. dxe5 dxe5 14. Bd3 Bb7 15. Qe2 Rad8 16. Rad1 c5 17. b3 Nb8 18. Nb1 Nc6 19. Nbd2 Qe7 20. Ra1 Nd7 21. Nf1 Nd4 22. Nxd4 cxd4 23. b4 Rf8 24. Ng3 Rfe8 25. Rab1 Qe6 26. f3 Kh8 27. Red1 f5 28. Kh1 Nc5 29. bxc5 Rc8 30. c4 dxc3 31. Qc2 Rxc5 32. exf5 gxf5 33. Bxf5 Qb6 34. Rb3 1-0

[Event "Hamburg St Pauli op-B"]
[Site "Hamburg"]
[Date "2014.07.20"]
[Round "2"]
[White "Kreusch, Frank"]
[Black "Quass, Michael"]
[Result "1/2-1/2"]
[WhiteElo "1880"]
[BlackElo "1765"]
[PlyCount "106"]
[EventDate "2014.07.19"]
[EventType "swiss"]
[EventRounds "9"]
[EventCountry "GER"]
[SourceTitle "CBM 161 Extra"]
[Source "ChessBase"]
[SourceDate "2014.08.29"]
[SourceVersion "1"]
[SourceVersionDate "2014.08.29"]
[SourceQuality "1"]

1. e4 c6 2. Nc3 d5 3. Qf3 dxe4 4. Nxe4 Nd7 5. d4 Ngf6 6. Bc4 e6 7. Ne2 Nxe4 8. Qxe4 Nf6 9. Qh4 Be7 10. Qg3 Bd6 11. Qh4 Bd7 12. Bf4 Bxf4 13. Qxf4 Nd5 14. Qg3 Qf6 15. c3 Rc8 16. Bb3 Ne7 17. Bc2 0-0 18. 0-0 Rfd8 19. Qe3 h6 20. Ng3 Nd5 21. Qd3 Nf4 22. Qd2 Qg5 23. Rad1 e5 24. Qe3 exd4 25. Rxd4 Ne6 26. Qxg5 hxg5 27. Rd2 c5 28. f3 Bc6 29. Rfd1 Kf8 30. Kf2 Rxd2+ 31. Rxd2 g6 32. Bb3 Ke7 33. Re2 Bb5 34. Bxe6 fxe6 35. Rd2 Rf8 36. Ke3 Bc6 37. Ne4 Rf5 38. a3 Re5 39. b4 b6 40. Rb2 g4 41. bxc5 bxc5 42. Rb8 gxf3 43. gxf3 Rh5 44. Rc8 Kd7 45. Rg8 Bxe4 46. Kxe4 Rh4+ 47. Ke5 Ra4 48. Rg7+ Kc8 49. Kxe6 Rxa3 50. Kd5 Rxc3 51. Rxa7 Rxf3 52. Kxc5 Rh3 53. Rg7 Rxh2 1/2-1/2

[Event "Niedersachsen-ch op-B"]
[Site "Verden"]
[Date "2014.01.04"]
[Round "5"]
[White "Mitzko, Berthold"]
[Black "Quass, Michael"]
[Result "1-0"]
[WhiteElo "1528"]
[BlackElo "1752"]
[PlyCount "27"]
[EventDate "2014.01.02"]
[EventType "swiss"]
[EventRounds "7"]
[EventCountry "GER"]
[SourceTitle "EXT 2016"]
[Source "ChessBase"]
[SourceDate "2015.10.08"]
[SourceVersion "1"]
[SourceVersionDate "2015.10.08"]
[SourceQuality "1"]

1. d4 c6 2. Nf3 d5 3. Bf4 Nf6 4. e3 Bf5 5. c4 a6 6. Nc3 e6 7. Qb3 Ra7 8. cxd5 exd5 9. Rc1 Bd6 10. Bxd6 Qxd6 11. Qb6 Bc8 12. Qxa7 Nfd7 13. Ne5 0-0 14. Na4 1-0

[Event "Niedersachsen-ch op-A"]
[Site "Verden"]
[Date "2013.01.05"]
[Round "5"]
[White "Nordhorn, Horst"]
[Black "Quass, Michael"]
[Result "1/2-1/2"]
[WhiteElo "1759"]
[BlackElo "1853"]
[PlyCount "40"]
[EventDate "2013.01.03"]
[EventType "swiss"]
[EventRounds "7"]
[EventCountry "GER"]
[SourceTitle "EXT 2014"]
[Source "ChessBase"]
[SourceDate "2013.11.20"]
[SourceVersion "1"]
[SourceVersionDate "2013.11.20"]
[SourceQuality "1"]

1. e4 c6 2. d4 d5 3. Nd2 dxe4 4. Nxe4 Nd7 5. Bc4 Ngf6 6. Ng5 e6 7. Qe2 Nb6 8. N1f3 Nxc4 9. Qxc4 h6 10. Nh3 Nd5 11. Nf4 Bd6 12. Ne5 0-0 13. 0-0 Qc7 14. Nxd5 exd5 15. Qe2 Re8 16. Qh5 Bxe5 17. dxe5 Qxe5 18. Qxe5 Rxe5 19. Be3 Bf5 20. c3 a6 1/2-1/2

[Event "Niedersachsen-ch op-A"]
[Site "Verden"]
[Date "2013.01.04"]
[Round "3"]
[White "Peters, Tom"]
[Black "Quass, Michael"]
[Result "1/2-1/2"]
[WhiteElo "1788"]
[BlackElo "1853"]
[PlyCount "63"]
[EventDate "2013.01.03"]
[EventType "swiss"]
[EventRounds "7"]
[EventCountry "GER"]
[SourceTitle "EXT 2014"]
[Source "ChessBase"]
[SourceDate "2013.11.20"]
[SourceVersion "1"]
[SourceVersionDate "2013.11.20"]
[SourceQuality "1"]

1. e4 d6 2. d4 Nf6 3. Nc3 g6 4. Nf3 Bg7 5. Bc4 0-0 6. h3 c6 7. Bg5 b5 8. Bxf6 exf6 9. Bb3 Re8 10. 0-0 b4 11. Nd5 a5 12. Ba4 cxd5 13. Bxe8 dxe4 14. Bxf7+ Kxf7 15. Nd2 d5 16. Re1 Kg8 17. c3 Nc6 18. Qa4 Qd7 19. Nb3 Bf8 20. Rac1 Ba6 21. cxb4 Bc4 22. Nc5 Bxc5 23. bxc5 Rb8 24. Rxc4 dxc4 25. Qxc4+ Qf7 26. Qxf7+ Kxf7 27. d5 Nb4 28. d6 Nd3 29. c6 Ke6 30. c7 Rc8 31. Rxe4+ Kd7 32. Rd4 1/2-1/2

[Event "Bremen-ch op"]
[Site "Delmenhorst"]
[Date "2011.04.17"]
[Round "2"]
[White "Pautz, Peter"]
[Black "Quass, Michael"]
[Result "1/2-1/2"]
[WhiteElo "2060"]
[BlackElo "1836"]
[PlyCount "92"]
[EventDate "2011.04.16"]
[EventType "swiss"]
[EventRounds "9"]
[EventCountry "GER"]
[SourceTitle "EXT 2012"]
[Source "ChessBase"]
[SourceDate "2011.11.24"]
[SourceVersion "1"]
[SourceVersionDate "2011.11.24"]
[SourceQuality "1"]

1. d4 c6 2. Nf3 Nf6 3. g3 d5 4. Bg2 Bf5 5. Nbd2 e6 6. c4 Nbd7 7. 0-0 Bd6 8. Re1 e5 9. cxd5 cxd5 10. dxe5 Nxe5 11. Nxe5 Bxe5 12. Nf3 Bc7 13. Bg5 Be4 14. Qa4+ Qd7 15. Qb4 Bd6 16. Qd4 Qe6 17. Rac1 Ke7 18. Bd2 h6 19. Bb4 Ke8 20. Bxd6 Qxd6 21. Nh4 Bxg2 22. Kxg2 Kf8 23. Nf5 Qd7 24. e4 Re8 25. Nxg7 Kxg7 26. e5 Re6 27. exf6+ Rxf6 28. Re5 b6 29. Rxd5 Qb7 30. f3 Re8 31. Rf1 Qa6 32. Rf2 Qxa2 33. Rf5 Ree6 34. Rxf6 Rxf6 35. h4 Qe6 36. Rd2 Qf5 37. Qc3 Kh7 38. Rd8 Qe6 39. Qd3+ Kg7 40. g4 Qe1 41. h5 Re6 42. Qd4+ Re5 43. Rd5 f6 44. Rd7+ Kh8 45. Rd8+ Kg7 46. Rd7+ Kh8 1/2-1/2

[Event "Bremen-ch op"]
[Site "Delmenhorst"]
[Date "2011.04.16"]
[Round "1"]
[White "Quass, Michael"]
[Black "Zijlstra, Berend"]
[Result "1-0"]
[WhiteElo "1836"]
[BlackElo "1319"]
[PlyCount "63"]
[EventDate "2011.04.16"]
[EventType "swiss"]
[EventRounds "9"]
[EventCountry "GER"]
[SourceTitle "EXT 2012"]
[Source "ChessBase"]
[SourceDate "2011.11.24"]
[SourceVersion "1"]
[SourceVersionDate "2011.11.24"]
[SourceQuality "1"]

1. c4 e5 2. g3 g6 3. Bg2 Bg7 4. Nc3 c6 5. e4 Nf6 6. d4 d6 7. h3 0-0 8. Nge2 Be6 9. b3 Qc8 10. Be3 Rd8 11. Qd2 Na6 12. 0-0-0 Rb8 13. dxe5 Ne8 14. exd6 Nxd6 15. Bd4 c5 16. Bxg7 Kxg7 17. Nd5 Bxd5 18. exd5 Qf5 19. Nc3 Re8 20. Rhe1 Nb4 21. Re3 Rxe3 22. fxe3 Re8 23. a3 Rxe3 24. axb4 Rxg3 25. bxc5 Ne8 26. Rf1 Qe5 27. Kc2 Nf6 28. Rf2 Nh5 29. Ne2 Re3 30. d6 Nf6 31. Bxb7 Ne4 32. Qxe3 1-0

[Event "Hamburg St Pauli op-A"]
[Site "Hamburg"]
[Date "2010.07.16"]
[Round "7"]
[White "Rudolph, Jens Erik"]
[Black "Quass, Michael"]
[Result "1-0"]
[WhiteElo "1997"]
[BlackElo "1784"]
[PlyCount "69"]
[EventDate "2010.07.10"]
[EventType "swiss"]
[EventRounds "9"]
[EventCountry "GER"]
[SourceTitle "EXT 2013"]
[Source "ChessBase"]
[SourceDate "2012.11.22"]
[SourceVersion "1"]
[SourceVersionDate "2012.11.22"]
[SourceQuality "1"]

1. d4 Nf6 2. Nc3 d5 3. Bg5 Bf5 4. f3 c6 5. Bxf6 gxf6 6. e4 Bg6 7. Bd3 e6 8. h4 h5 9. exd5 Bxd3 10. Qxd3 cxd5 11. 0-0-0 Nc6 12. Re1 Qa5 13. Nge2 0-0-0 14. f4 Nb4 15. Qf3 Rd7 16. Kb1 Bg7 17. Nc1 Qc7 18. Nb3 Rh6 19. Rc1 Rg6 20. Nb5 Qb8 21. c4 Kd8 22. Nc5 Re7 23. a3 b6 24. Nxe6+ fxe6 25. axb4 a6 26. Na3 Rg4 27. g3 Rd7 28. Rhe1 dxc4 29. Rxc4 e5 30. dxe5 fxe5 31. fxe5 Rxc4 32. Nxc4 b5 33. e6 Re7 34. Rd1+ Kc8 35. Qc6+ 1-0

[Event "Dortmund op-B"]
[Site "Dortmund"]
[Date "2009.07.11"]
[Round "8"]
[White "Quass, Michael"]
[Black "Schueller, Tobias"]
[Result "1/2-1/2"]
[WhiteElo "1819"]
[BlackElo "1632"]
[PlyCount "58"]
[EventDate "2009.07.04"]
[EventType "swiss"]
[EventRounds "9"]
[EventCountry "GER"]
[SourceTitle "EXT 2012"]
[Source "ChessBase"]
[SourceDate "2011.11.24"]
[SourceVersion "1"]
[SourceVersionDate "2011.11.24"]
[SourceQuality "1"]

1. c4 c5 2. Nf3 Nf6 3. d4 d5 4. cxd5 cxd4 5. Nxd4 Nxd5 6. e4 Nf6 7. Nc3 a6 8. Qa4+ Bd7 9. Qb3 Nc6 10. Be3 Nxd4 11. Bxd4 b5 12. Rd1 Qa5 13. Rd2 Be6 14. Qd1 Rc8 15. Bd3 Bc4 16. Qe2 e6 17. b3 Bxd3 18. Qxd3 Bb4 19. Bxf6 0-0 20. Qg3 g6 21. Rc2 Rc6 22. 0-0 Rfc8 23. Rfc1 Ba3 24. Qe3 Bxc1 25. Rxc1 e5 26. Ne2 Rxc1+ 27. Nxc1 Qb6 28. Bg5 Qxe3 29. Bxe3 f5 1/2-1/2

[Event "Dortmund op-B"]
[Site "Dortmund"]
[Date "2009.07.08"]
[Round "5"]
[White "Bos, Michael"]
[Black "Quass, Michael"]
[Result "1-0"]
[WhiteElo "1757"]
[BlackElo "1819"]
[PlyCount "63"]
[EventDate "2009.07.04"]
[EventType "swiss"]
[EventRounds "9"]
[EventCountry "GER"]
[SourceTitle "EXT 2012"]
[Source "ChessBase"]
[SourceDate "2011.11.24"]
[SourceVersion "1"]
[SourceVersionDate "2011.11.24"]
[SourceQuality "1"]

1. d4 Nf6 2. c4 c5 3. d5 e6 4. Nc3 exd5 5. cxd5 d6 6. e4 g6 7. Bg5 Bg7 8. f4 0-0 9. Qc2 Qa5 10. Bd3 Na6 11. Bxa6 Qxa6 12. Bxf6 Bxf6 13. Nf3 Re8 14. 0-0-0 Bd7 15. Rde1 Bd4 16. Kb1 b5 17. Nxd4 cxd4 18. Ne2 Rac8 19. Qd3 Rc4 20. b3 Qa3 21. Nxd4 Rec8 22. Qd2 Rc3 23. Nc6 R8xc6 24. dxc6 Qb4 25. Re2 Bxc6 26. Kb2 Rc4 27. Qxb4 Rxb4 28. Rhe1 d5 29. exd5 Bxd5 30. g3 a5 31. Kc3 g5 32. Re5 1-0

[Event "Dortmund op-B"]
[Site "Dortmund"]
[Date "2009.07.05"]
[Round "2"]
[White "Quass, Michael"]
[Black "Hansen, Jochen"]
[Result "1-0"]
[WhiteElo "1819"]
[BlackElo "1353"]
[PlyCount "57"]
[EventDate "2009.07.04"]
[EventType "swiss"]
[EventRounds "9"]
[EventCountry "GER"]
[SourceTitle "EXT 2012"]
[Source "ChessBase"]
[SourceDate "2011.11.24"]
[SourceVersion "1"]
[SourceVersionDate "2011.11.24"]
[SourceQuality "1"]

1. c4 e6 2. g3 Nf6 3. Bg2 d5 4. d4 c5 5. Nf3 Nc6 6. 0-0 Be7 7. dxc5 Bxc5 8. Qc2 d4 9. a3 0-0 10. b4 Bb6 11. Rd1 e5 12. b5 e4 13. bxc6 exf3 14. Bxf3 Qe7 15. c5 Bxc5 16. cxb7 Bxb7 17. Bxb7 Ng4 18. Qe4 Qxe4 19. Bxe4 Rae8 20. Bd3 Re6 21. h3 Ne5 22. Bf4 Nc6 23. Nd2 Bb6 24. Nc4 Bd8 25. Rab1 h6 26. g4 Bh4 27. Rb7 Rf6 28. Bg3 Bg5 29. Ne5 1-0

[Event "Dortmund op-B"]
[Site "Dortmund"]
[Date "2009.07.04"]
[Round "1"]
[White "Benning, Martin"]
[Black "Quass, Michael"]
[Result "1/2-1/2"]
[WhiteElo "1489"]
[BlackElo "1819"]
[PlyCount "55"]
[EventDate "2009.07.04"]
[EventType "swiss"]
[EventRounds "9"]
[EventCountry "GER"]
[SourceTitle "EXT 2012"]
[Source "ChessBase"]
[SourceDate "2011.11.24"]
[SourceVersion "1"]
[SourceVersionDate "2011.11.24"]
[SourceQuality "1"]

1. e3 c5 2. c4 Nf6 3. Nf3 g6 4. Be2 Bg7 5. 0-0 0-0 6. Nc3 Nc6 7. d4 cxd4 8. exd4 d5 9. c5 Bf5 10. Be3 Qc7 11. Qd2 Ne4 12. Nxe4 dxe4 13. Nh4 e5 14. d5 Nd4 15. Rac1 Qd8 16. Nxf5 gxf5 17. d6 Rc8 18. f4 Qd7 19. fxe5 Nxe2+ 20. Qxe2 Bxe5 21. Qh5 Qe6 22. Rxf5 Bxb2 23. Rc2 Bg7 24. Rg5 Kh8 25. Qg4 Qxg4 26. Rxg4 f5 27. Rh4 Be5 28. Rh5 1/2-1/2

[Event "Dortmund op-B"]
[Site "Dortmund"]
[Date "2007.06.30"]
[Round "8"]
[White "Quass, Michael"]
[Black "Fichtner, Ewald"]
[Result "1-0"]
[WhiteElo "1667"]
[BlackElo "1510"]
[PlyCount "89"]
[EventDate "2007.06.22"]
[EventType "swiss"]
[EventRounds "9"]
[EventCountry "GER"]
[SourceTitle "EXT 2008"]
[Source "ChessBase"]
[SourceDate "2007.11.25"]
[SourceVersion "1"]
[SourceVersionDate "2007.11.25"]
[SourceQuality "1"]

1. c4 e6 2. g3 Nf6 3. Bg2 d5 4. Nf3 c5 5. cxd5 exd5 6. 0-0 Nc6 7. d4 Be6 8. Bf4 Qb6 9. Nc3 cxd4 10. Na4 Qa5 11. Nxd4 Nxd4 12. Qxd4 Be7 13. Rfc1 b5 14. Nc3 b4 15. Bc7 Qc5 16. Qxc5 Bxc5 17. Nb5 Be7 18. Nd4 0-0 19. Nxe6 fxe6 20. Bh3 Kh8 21. Bxe6 Bd8 22. e3 Re8 23. Bh3 Ne4 24. Bxd8 Rexd8 25. Rc7 Rf8 26. f4 Nd2 27. b3 Ne4 28. a3 a5 29. axb4 axb4 30. Raa7 Rxa7 31. Rxa7 Nc5 32. Bg2 Rd8 33. Bxd5 g6 34. e4 Re8 35. e5 Rd8 36. Bc4 Rd1+ 37. Kg2 Rd2+ 38. Kf3 Rxh2 39. e6 Nxe6 40. Bxe6 Rc2 41. Kg4 Re2 42. Bc4 Re3 43. Rb7 h5+ 44. Kg5 Rxg3+ 45. Kh4 1-0

[Event "Dortmund Sparkassen op-B"]
[Site "Dortmund"]
[Date "2006.08.03"]
[Round "6"]
[White "Quass, Michael"]
[Black "Rohsiepe, Sebastian"]
[Result "0-1"]
[WhiteElo "1673"]
[BlackElo "1567"]
[PlyCount "72"]
[EventDate "2006.07.28"]
[EventType "swiss"]
[EventRounds "9"]
[EventCountry "GER"]
[SourceTitle "CBM 113 Extra"]
[Source "ChessBase"]
[SourceDate "2006.09.14"]
[SourceVersion "1"]
[SourceVersionDate "2006.09.14"]
[SourceQuality "1"]

1. c4 e5 2. g3 c6 3. Bg2 d5 4. b3 Nf6 5. Nf3 e4 6. Ne5 Bd6 7. Bb2 Qe7 8. f4 0-0 9. 0-0 Nbd7 10. Nxd7 Bxd7 11. h3 Nh5 12. Qe1 g5 13. e3 gxf4 14. exf4 Rae8 15. cxd5 cxd5 16. Nc3 Qe6 17. Qe3 b6 18. Ne2 Bc5 19. Nd4 Qf6 20. g4 Ng7 21. Kh2 Qh4 22. Qc3 f6 23. Qg3 Qxg3+ 24. Kxg3 Bb4 25. Rf2 h5 26. a3 Bd6 27. Re1 hxg4 28. hxg4 f5 29. d3 e3 30. Bxd5+ Be6 31. Bxe6+ Nxe6 32. Rf3 fxg4 33. Nxe6 gxf3 34. Nxf8 f2 35. Rh1 Bxf4+ 36. Kxf4 e2 0-1

[Event "Dortmund Sparkassen op-B"]
[Site "Dortmund"]
[Date "2006.08.01"]
[Round "4"]
[White "Quass, Michael"]
[Black "Koenig, Udo"]
[Result "1-0"]
[WhiteElo "1673"]
[BlackElo "1477"]
[PlyCount "69"]
[EventDate "2006.07.28"]
[EventType "swiss"]
[EventRounds "9"]
[EventCountry "GER"]
[SourceTitle "CBM 113 Extra"]
[Source "ChessBase"]
[SourceDate "2006.09.14"]
[SourceVersion "1"]
[SourceVersionDate "2006.09.14"]
[SourceQuality "1"]

1. Nf3 Nc6 2. d4 d5 3. c4 Nf6 4. cxd5 Nxd5 5. e4 Nf6 6. Nc3 Bg4 7. Be3 a6 8. Be2 e6 9. a3 b5 10. Nxb5 Bxf3 11. gxf3 axb5 12. Bxb5 Rb8 13. Bxc6+ Nd7 14. b4 Be7 15. Qa4 0-0 16. Bxd7 Ra8 17. Qb3 Qxd7 18. Ke2 Ra4 19. Qc3 Rfa8 20. Rhb1 Qb5+ 21. Kd2 h6 22. Rb3 Qh5 23. Bf4 Bg5 24. Qxc7 Qxh2 25. Ke3 Bxf4+ 26. Qxf4 Qh5 27. b5 f6 28. b6 Qe8 29. b7 Rb8 30. Rc1 e5 31. dxe5 fxe5 32. Qf5 Raa8 33. Rcc3 g6 34. bxa8Q Rxa8 35. Qf6 1-0